| 000 | 05555namaa22004091i 4500 | ||
|---|---|---|---|
| 003 | OSt | ||
| 005 | 20260430123011.0 | ||
| 008 | 250827s2025 ua a|||frm||| 000 0 eng d | ||
| 040 |
_aEG-GICUC _bara _cEG-GICUC _dEG-GICUC _erda |
||
| 041 | 0 |
_aara _bara _beng |
|
| 049 | _aإيداع | ||
| 082 | 0 | 4 | _a155.645 |
| 092 |
_a155.645 _221 |
||
| 097 | _aمــــاجستير | ||
| 099 | _aCai01.02.11.M.A.2025.من.د | ||
| 100 | 0 |
_a،منى عبد الله عبد الباقي أحمد الشرقاوي _eإعداد. |
|
| 245 | 1 | 0 |
_aدور العزو السببي والكفاءة الاجتماعية والحب في إدارة الصراع الزواجي لدى حديثي الزواج / _cإعداد منى عبد الله عبد الباقي أحمد الشرقاوي؛ إشراف أ.د/ نصرة منصور عبد المجيد. |
| 246 | 1 | 5 | _aThe role of causal attribution social efficiency and love as predictors of marital conflict management among newlyweds / |
| 264 | 0 | _c2025. | |
| 300 |
_a202 صفحة : _bإيضاحيات ؛ _c25 سم. + _eCD. |
||
| 336 |
_atext _2rda content |
||
| 337 |
_aUnmediated _2rdamedia |
||
| 338 |
_avolume _2rdacarrier |
||
| 502 | _aأطروحة (ماجستير)-جامعة القاهرة، 2025. | ||
| 504 | _aببليوجرافيا: صفحات 180-199. | ||
| 520 | _aهدفت الدراسة الحالية إلى بحث دور العزو السببي والكفاءة الاجتماعية والحب في إدارة الصراع الزواجى لدى حديثي الزواج. وتكوّنت عينة الدراسة الأساسية من (262) زوجاً وزوجة حديثي الزواج (131 زوج، 131 زوجة). تراوحت أعمارهم بين (25- 45) سنة، وتراوحت مدة زواجهم بين 1 إلى 5 سنوات، ومن مستويات تعليمية مختلفة. وطبَّق على أفراد العينة أربعة مقاييس تمثلت في: مقياس العزو السببي إعداد الباحثة، ومقياس الكفاءة الاجتماعية إعداد الباحثة، ومقياس الحب إعداد روبرت ستيرنبرج Sternberg,1997 وترجمة نصرة منصور (2012)، ومقياس إدارة الصراع الزواجي إعداد الباحثة. وكشفت نتائج الدراسة عن وجود علاقة ارتباطية دالة سالبة بين الدرجة الكلية للعزو السببي وإدارة الصراع الزواجي لدى الزوجات على حين لا توجد علاقة ارتباطية لدى الأزواج. وتنبأت الدرجة الكلية لكل من الكفاءة الاجتماعية والحب بإدارة الصراع الزواجى لدى الأزواج. كما كشفت النتائج عن قدرة النموذج المكون من الدرجة الكلية للحب والدرجة الكلية للكفاءة الاجتماعية معًا على التنبؤ بإدارة الصراع الزواجي لدى الزوجات. واستحوذ بُعد الحميمية على الدور التنبؤي الأول والدال بإدارة الصراع الزواجي لدى الأزواج على حين استحوذ بُعد الحرص على استمرار العلاقة على الدور التنبؤي الأول بإدارة الصراع الزواجي لدى الزوجات. | ||
| 520 | _aThe current study aimed to explore the role of causal attribution, social efficiency, and love in managing marital conflict among newlyweds. A sample consisted of 262 participants (131 husbands and 131 wives) aged between (25-45) years, with marriage durations ranging from 1 to 5 years. They represent different levels of education. Four measurement tools were administered to the participants: Causal Attribution Scale, developed by the researcher, social efficiency Scale, developed by the researcher, Love Scale by Robert Sternberg (1997), translated by Nasra Mansour (2012), and Marital Conflict Management Scale, developed by the researcher. Results revealed a significant negative correlation between total score of causal attribution and marital conflict management among wives, while no correlation was observed among husbands. Furthermore, total scores of both social efficiency and love were found to predict marital conflict management for both husbands and wives. Findings also demonstrated the ability of a combined model of total social efficiency and total love scores to predict marital conflict management among husbands. Similarly, the combined model of total love and total social efficiency scores was found to predict marital conflict management among wives. The intimacy dimension emerged as the most significant predictor of marital conflict management among husbands, whereas the commitment was the strongest predictor of conflict management strategies among wives. | ||
| 530 | _aصدر أيضًا كقرص مدمج. | ||
| 546 | _aالنص بالعربية والملخص باللغة الإنجليزية والعربية. | ||
| 650 | 7 |
_aعلم نفس المتزوجون _2qrmak |
|
| 653 | 0 |
_aالعزو السببي _aالكفاءة الاجتماعية _aالحب |
|
| 700 | 0 |
_aنصرة منصور عبد المجيد _eمشرف أطروحة. |
|
| 900 |
_b09-03-2025 _cنصرة منصور عبد المجيد _dصفاء إسماعيل مرسي _dإيناس راضي _Uجامعة القاهرة _Fكلية الآداب _Dقسم علم النفس |
||
| 905 | _aSara | ||
| 942 |
_2ddc _cTH _e21 _n0 |
||
| 999 | _c179857 | ||